LEADER 01337nam--2200433---450- 001 990000428190203316 005 20090311124720.0 010 $a1-85278-369-9 035 $a0042819 035 $aUSA010042819 035 $a(ALEPH)000042819USA01 035 $a0042819 100 $a20010504d1993----km-y0itay0103----ba 101 $aeng 102 $aGB 105 $a||||||||001yy 200 1 $a<> history of macroeconometric model-building$fRonald G. Bodkin, Lawrence R. Klein, Kanta Maewah 210 $aAldershot$cE. Elgar$d1993 215 $aXVII, 573 p.$d24 cm 410 $12001 461 1$1001-------$12001 606 0 $aMacroeconomia$xModelli matematici 676 $a339.015195 700 1$aBODKIN,$bRonald G.$0123521 701 1$aKLEIN,$bLawrence R.$045009 701 1$aMARWAH,$bKanta$0123522 801 0$aIT$bsalbc$gISBD 912 $a990000428190203316 951 $a339.01 BOD 1 (IEP VIII 1155)$b1414 EC$cIEP VIII$d00203083 951 $aIEP VIII 1155$b11483 G$cIEP VIII$d00203088 959 $aBK 969 $aGIU 969 $aECO 979 $aPATTY$b90$c20010504$lUSA01$h1828 979 $c20020403$lUSA01$h1651 979 $aPATRY$b90$c20040406$lUSA01$h1630 979 $aRSIAV5$b90$c20090311$lUSA01$h1247 996 $aHistory of Macroeconometric Model-Building$9459058 997 $aUNISA LEADER 01628nam0 22003373i 450 001 BA10058578 005 20231121125408.0 100 $a20181220d1998 ||||0itac50 ba 101 | $aita 102 $ait 181 1$6z01$ai $bxxxe 182 1$6z01$an 200 1 $a˜I œlibri antichi nell'Università degli studi di Bari$ecatalogo della mostra Expolibro, Bari 12-15 marzo 1998$fa cura di Nicola Barbuti e Natale Leccese 210 $aBari :[s. n]$d1998$eBari$gCentro stampa dell'Università 215 $a39 p., 18 p. di tav.$d21 cm 300 $aIn testa al front.: Università degli studi di Bari. 702 1$aLeccese$b, Natale$3BA1V007957$4340 702 1$aBarbuti$b, Nicola$3BVEV096236$4340 710 02$aUniversità degli studi di Bari Aldo Moro$3CFIV031841$019817 791 02$aUniversita degli studi Benito Mussolini$c $3BRIV005647$zUniversità degli studi di Bari Aldo Moro 791 02$aUniversità degli studi di Bari$3BVEV180568$zUniversità degli studi di Bari Aldo Moro 791 02$aUniversità degli studi Aldo Moro$3CFIV258730$zUniversità degli studi di Bari Aldo Moro 791 02$aUniversità degli studi$c $3CFIV266893$zUniversità degli studi di Bari Aldo Moro 801 3$aIT$bIT-01$c20181220 850 $aIT-FR0017 899 $aBiblioteca umanistica Giorgio Aprea$bFR0017 $eN 912 $aBA10058578 950 0$aBiblioteca umanistica Giorgio Aprea$d 52MAG 1/1948$e 52FLS0000183505 VMB RS $fA $h20181220$i20181220 977 $a 52 996 $aLibri antichi nell'Università degli studi di Bari$93603025 997 $aUNICAS